| 000 | 00707ata a2200277 4500 | ||
|---|---|---|---|
| 005 | 20260225163159.0 | ||
| 008 | 150527b2001 xxu||||| |||| 00| 0 spa d | ||
| 020 | _a9586165175 | ||
| 041 | _aESP | ||
| 082 | _a364 P438c6 | ||
| 100 | _aPérez Pinzon, Álvaro Orlando | ||
| 245 | _aCurso de criminología | ||
| 250 | _a6 edición | ||
| 260 | _aColombia | ||
| 260 | _bUniversidad Externado de Colombia | ||
| 260 | _c2001 | ||
| 300 | _a285 páginas | ||
| 490 | _aInvestigación Criminal | ||
| 650 | _aCRIMINOLOGÍA | ||
| 650 | _aCRIMINALIDAD | ||
| 650 | _aCRIMINOLOGÍA CONTEMPORANEA | ||
| 650 | _aVICTIMOLOGÍA | ||
| 650 | _aPOLÍTICA CRIMINAL | ||
| 650 | _aPREVENCIÓN | ||
| 942 |
_cBK _2ddc |
||
| 999 |
_c6052 _d6052 |
||